| 000 | 00510cam a22001697a 4500 | ||
|---|---|---|---|
| 008 | 180718b2002 xxu||||| |||| 00| 0 eng d | ||
| 020 | _a0631232052 | ||
| 082 | _aB231 C119 | ||
| 100 | _aCahoone, Lawrence E. | ||
| 245 |
_aCivil society: the conservative meaning of liberal politics _cby Lawrence E. Cahoone |
||
| 260 |
_aOxford _bBlackwell _c2002 |
||
| 300 | _a316p. | ||
| 500 | _aIncludes bibliographical references and index. | ||
| 650 | _aConservatism | ||
| 650 | _aLiberalism | ||
| 650 | _aCivil society | ||
| 999 |
_c399278 _d399278 |
||